| 000 | 00576nam a2200169 i 4500 | ||
|---|---|---|---|
| 001 | 79186 | ||
| 003 | ES-MaACL | ||
| 005 | 20230906173925.0 | ||
| 007 | t| | ||
| 008 | 041020s1940 gw ||||1| ger d | ||
| 100 | 1 |
_aReimesch, Fritz Heinz. _996019 |
|
| 245 | 1 | 0 |
_aSachsenchre Füng geschichtlche Erzahlungen aus Siebenbürgen / _cFritz Heinz Reimesch ; mit Zeichnnungen von Ragimund Reimesch. |
| 260 |
_aOstmark : _bGauverlang Bayerische Druck, _c1940. |
||
| 300 |
_a207 p. : _bil. ; _c19 cm. |
||
| 700 | 1 |
_aReimesch, Ragimund. _996020 |
|
| 852 |
_aES-MaACL _jF-15603 _bR.19182 |
||
| 999 |
_c79186 _d79186 |
||